000
00296nam a22001337a 4500
008
190205b xxu||||| |||| 00| 0 eng d
020
_a
9780077424084
041
_a
eng
080
_2
12th
_a
330.722.6
100
_a
61
101
_a
KF
245
_a
Computer Accounting
_c
Kay,D
942
_2
udc
_c
BK
999
_c
53974
_d
53974